[Event "Copenhagen BSF"]
[Site "Copenhagen"]
[Date "1995.??.??"]
[Round "1"]
[White "Pinter, Jozsef"]
[Black "Emms, John M"]
[Result "1-0"]
[WhiteElo "2555"]
[BlackElo "2500"]

1.d4 Nf6 2.c4 e6 3.Nf3 c5 4.d5 d6 5.Nc3 exd5 6.cxd5 g6 7.e4 a6 8.a4 Bg4 9.Be2 Bxf3
10.Bxf3 Nbd7 11.O-O Bg7 12.Qc2 O-O 13.Bd2 Re8 14.a5 Rc8 15.Rfe1 c4 16.Be2 Ne5
17.Na4 Rc7 18.Bg5 h6 19.Bh4 g5 20.Bg3 Nfd7 21.h3 Qf6 22.Ra3 Nc5 23.Nxc5 Rxc5
24.Ra4 Rec8 25.Rb1 Qd8 26.Rba1 c3 27.bxc3 Rxc3 28.Qd1 Qc7 29.Kh2 Rc1 30.Rxc1 Qxc1
31.Qxc1 Rxc1 32.Rb4 Rc2 33.Bg4 Rc4 34.Rxb7 Nxg4+ 35.hxg4 Rxe4 36.Rb6 Bf8
37.Rxa6 Rxg4 38.Ra8 Kg7 39.a6 Ra4 40.f3 Be7 41.Bf2 Bf6 42.a7 Be5+ 43.g3 Ra2
44.Kg1 Ra1+ 45.Kg2 Ra2 46.Rd8 Rxf2+ 47.Kxf2 Bd4+ 48.Kg2 Bxa7 49.Rxd6 h5 50.Rc6  1-0

[Event "Copenhagen op17"]
[Site "Copenhagen"]
[Date "1995.??.??"]
[Round "2"]
[White "Jakobsen, Ole"]
[Black "Moskalenko, Viktor"]
[Result "1/2-1/2"]
[WhiteElo "2380"]
[BlackElo "2525"]

1.d4 Nf6 2.c4 e6 3.Nf3 c5 4.d5 exd5 5.cxd5 d6 6.Nc3 g6 7.h3 Bg7 8.e4 O-O
9.Bd3 a6 10.O-O Nbd7 11.Re1 b5 12.Bf4 Ne8 13.Qd2 Bb7 14.Bh6 Bxh6 15.Qxh6 Qf6
16.Bf1 Qg7 17.Qd2 Rd8 18.a3 Nef6 19.b4 Rfe8 20.Rac1 Rc8 21.Bd3 Nb6 22.Na2 Nfd7
23.Nc3 Ne5 24.Nxe5 Qxe5 25.Ne2 Na4 26.Rb1 Rc7 27.f4 Qf6 28.Kh2  1/2-1/2

[Event "Copenhagen op17"]
[Site "Copenhagen"]
[Date "1995.??.??"]
[Round "5"]
[White "Hellsten, Johan"]
[Black "Ward, Christopher"]
[Result "1-0"]
[WhiteElo "2420"]
[BlackElo "2485"]

1.d4 e6 2.c4 Nf6 3.Nf3 c5 4.d5 d6 5.Nc3 exd5 6.cxd5 g6 7.Nd2 Bg7 8.e4 O-O
9.Be2 Na6 10.O-O Nc7 11.a4 b6 12.Nc4 Ba6 13.Re1 Re8 14.Bf1 Bxc4 15.Bxc4 Nd7
16.Ra3 a6 17.Bf1 Rb8 18.Bf4 Ne5 19.Qd2 b5 20.axb5 axb5 21.Nd1 Ra8 22.Bg5 Qd7
23.Rg3 Ra1 24.Ne3 Rxe1 25.Qxe1 f6 26.Bf4 Nf7 27.Qb1 Kh8 28.h4 Bh6 29.Bxh6 Nxh6
30.Bd3 Qe7 31.Qc1 Qe5 32.Nc2 Nf7 33.Rf3 Kg7 34.Re3 c4 35.Bf1 Na6 36.g3 Nc5
37.f4 Qe7 38.Nd4 Qb7 39.Bg2 Qb6 40.Qc3 Nh6 41.Bf3 Na4 42.Qd2 b4 43.Kg2 c3
44.bxc3 bxc3 45.Rxc3 Nxc3 46.Qxc3 Kf7 47.Ne6 Ra8 48.Kh3 Ng8 49.e5 dxe5 50.fxe5 Re8
51.d6 Kxe6 52.Qc4+ Kd7 53.Qa4+ Kd8 54.Bc6 Ne7 55.Qa8+ Nc8 56.d7  1-0

[Event "Copenhagen K41"]
[Site "Copenhagen"]
[Date "1995.??.??"]
[Round "9"]
[White "Antonsen, Mikkel"]
[Black "Mortensen, Erling"]
[Result "1/2-1/2"]
[WhiteElo "2400"]
[BlackElo "2500"]

1.d4 Nf6 2.c4 e6 3.Nf3 c5 4.d5 exd5 5.cxd5 d6 6.Nc3 g6 7.h3 Bg7 8.e4 O-O
9.Bd3 b5 10.Nxb5 Re8 11.Nd2 Nxe4 12.Nxe4 f5 13.O-O fxe4 14.Be2 a6 15.Nc3 Nd7
16.Bg4 Nf6 17.Bxc8 Rxc8 18.Qa4 Qb6 19.Re1 Kh8 20.Rb1 Qb4 21.Qxa6 Nxd5 22.Rxe4 Nc7
23.Qxc8 Rxc8 24.Rxb4 cxb4 25.Ne2 Nd5 26.Nf4 Nxf4 27.Bxf4 d5 28.Bd6 Rc4 29.b3 Rc2
30.Rd1 d4 31.Bxb4 Rxa2 32.Bc5 Rb2 33.Rd3 Kg8 34.Bxd4 Bxd4 35.Rxd4 Rxb3 36.Rd7 Ra3
37.Rc7 Ra2 38.Rb7 Rc2 39.Ra7 Rb2 40.Rc7 Ra2 41.g3 Ra1+ 42.Kg2 Ra3 43.g4 Ra5
44.f4 h6 45.h4 Ra3 46.Re7 Rb3 47.g5 hxg5 48.hxg5 Ra3 49.Rd7 Rb3 50.Kf2 Rc3
51.Ke2 Ra3 52.Rd3 Ra7 53.Rd6 Kf7 54.Ke3 Ra4 55.Rf6+ Kg7 56.Re6 Kf7 57.Rf6+ Kg7
58.Re6 Kf7 59.Re4 Ra3+ 60.Kd4 Ra4+ 61.Kd5 Ra5+ 62.Kd6 Ra6+ 63.Kc5 Ra5+ 64.Kb6  1/2-1/2

[Event "Copenhagen BSF"]
[Site "Copenhagen"]
[Date "1995.??.??"]
[Round "10"]
[White "Moskalenko, Viktor"]
[Black "Emms, John M"]
[Result "1-0"]
[WhiteElo "2525"]
[BlackElo "2500"]

1.d4 Nf6 2.c4 e6 3.Nf3 c5 4.d5 d6 5.Nc3 exd5 6.cxd5 g6 7.g3 Bg7 8.Bg2 O-O
9.O-O Re8 10.Re1 a6 11.e4 b5 12.e5 dxe5 13.Nxe5 Bb7 14.Bg5 Nbd7 15.Nc6 Rxe1+
16.Qxe1 Qb6 17.a4 Re8 18.Qxe8+ Nxe8 19.Bd8 b4 20.Bxb6 Nxb6 21.Re1 Kf8 22.Ne4 c4
23.Nc5 Bc8 24.a5 Nd7 25.Na4 b3 26.Bh3 Nd6 27.Ne7 Ne5 28.Nxc8 Nxc8 29.Bxc8 Nf3+
30.Kf1 Nxe1 31.Kxe1 c3 32.bxc3 b2 33.Nxb2 Bxc3+ 34.Ke2 Bxb2 35.Kd3 Bf6 36.Kc4 Bd8
37.Kb4 Be7+ 38.Kc4 Bd8 39.Kb4 Be7+ 40.Ka4 Bc5 41.f3 Bg1 42.h3 Bf2 43.g4 Ke7
44.Bxa6 Kd6 45.Bb7 f6 46.Kb5 h5 47.gxh5 gxh5 48.Bc6 h4 49.Ka6 Kc7 50.Be8 Bg3
51.Bf7 Bf4 52.Be6 Bg3 53.Kb5 Bf2 54.Kc4 Kd6 55.Kd3 Be1 56.a6 Bf2 57.Ke4 Ke7
58.Kf5 Bd4 59.Kg4 Bf2 60.f4 Kd6 61.a7 Bxa7 62.Kxh4 Ke7 63.Kg4 Bb8 64.Kf5 Bd6
65.h4 Kf8 66.h5 Kg7 67.Bd7 Kh6 68.Be8 Bc7 69.Bg6 Bb8 70.Ke4 Bd6 71.f5 Kg5
72.Kd4 Bf8 73.Kc4 Kf4 74.h6 Bxh6 75.d6 Bf8 76.Kd5  1-0

[Event "ESP-chT"]
[Site "Cordoba"]
[Date "1995.??.??"]
[Round "2"]
[White "Cramling, Pia"]
[Black "Suba, Mihai"]
[Result "1/2-1/2"]
[WhiteElo "2520"]
[BlackElo "2475"]

1.d4 Nf6 2.c4 e6 3.Nf3 c5 4.d5 d6 5.Nc3 exd5 6.cxd5 g6 7.h3 Bg7 8.e4 O-O
9.Bd3 b5 10.Bxb5 Nxe4 11.Nxe4 Qa5+ 12.Nfd2 Qxb5 13.Nxd6 Qa6 14.N2c4 Nd7 15.O-O Nb6
16.Nxb6 axb6 17.a4 Ra7 18.Re1 Rd7 19.Ne8 Qc4 20.d6 Bb7 21.Nxg7 Kxg7 22.Bd2 f6
23.Bc3 Rff7 24.Qg4 Qxg4 25.hxg4 Rxd6 26.g5 Rfd7 27.gxf6+ Kf7 28.Re3 Rd1+
29.Rxd1 Rxd1+ 30.Kh2 Rd7 31.g4 Bc6 32.b3 Bd5 33.Be5 g5 34.Rd3 Be6 35.Rxd7+ Bxd7
36.Bc7 c4 37.bxc4 Bxa4 38.Bxb6 Kxf6 39.Bd8+ Kg6 40.Kg3 Bc6  1/2-1/2

[Event "ESP-chT"]
[Site "Cordoba"]
[Date "1995.??.??"]
[Round "4"]
[White "Gomez Esteban, Juan Mario"]
[Black "Lacasa, JA."]
[Result "1-0"]
[WhiteElo "2425"]
[BlackElo "2340"]

1.d4 Nf6 2.Nf3 e6 3.c4 c5 4.d5 d6 5.Nc3 exd5 6.cxd5 g6 7.e4 Bg7 8.h3 O-O
9.Bd3 b5 10.Nxb5 Re8 11.O-O Nxe4 12.Re1 a6 13.Na3 Nf6 14.Rxe8+ Nxe8 15.Bg5 Bf6
16.Qd2 Bb7 17.Be4 Nd7 18.Nc4 Ne5 19.Ncxe5 dxe5 20.Re1 Nd6 21.Bc2 Bxg5 22.Nxg5 Nc4
23.Qc1 Bxd5 24.Rd1 Nb6 25.Be4 Qd6 26.Bxd5 Nxd5 27.Ne4  1-0

[Event "ESP-chT"]
[Site "Cordoba"]
[Date "1995.??.??"]
[Round "4"]
[White "Sanchez Jimenez, Juan Carlos"]
[Black "Martin Gonzalez, Angel"]
[Result "1/2-1/2"]
[WhiteElo "2270"]
[BlackElo "2440"]

1.d4 Nf6 2.c4 c5 3.d5 e6 4.Nc3 exd5 5.cxd5 d6 6.Nf3 g6 7.Bf4 Bg7 8.Qa4+ Bd7
9.Qb3 b5 10.Bxd6 Qb6 11.Be5 O-O 12.e3 c4 13.Qd1 Na6 14.Qd4 Nb4 15.Rc1 Rfe8
16.Be2 Qxd4 17.Bxd4 Nfxd5 18.Bxg7 Kxg7 19.Rd1 Nf6 20.Nd4 Rab8 21.O-O Na6
22.b3 cxb3 23.Ncxb5 Nc5 24.axb3 Nxb3 25.Nxb3 Bxb5 26.Bxb5 Rxb5 27.Nd4 Rb6
28.Ra1 a6 29.Ra5 Nd7 30.Rfa1 Reb8 31.g4 Rb1+ 32.Rxb1 Rxb1+ 33.Kg2 Rb6 34.Kg3 Kf6
35.f4 Ke7 36.h4 Kd6 37.Nf3 h6 38.h5 gxh5 39.Rxh5 Ke7 40.Ra5 Nf6 41.Nd4 Ne8
42.Nf5+ Kd7 43.Kh4 Kc7 44.Re5 Re6 45.Rxe6 fxe6 46.Nd4 Kd6 47.g5 hxg5+ 48.Kxg5 a5
49.e4 a4 50.Nc2 Kc5 51.f5 e5 52.Kg6 Kc4 53.Kf7 Kd3 54.Kxe8 Kxc2 55.f6 a3
56.f7 a2 57.f8=Q a1=Q 58.Qc5+ Qc3 59.Qd5 Qd4 60.Kf7 Kd3 61.Kf6 Ke3 62.Qxd4+ exd4
63.e5 d3  1/2-1/2

[Event "CZE-chT 9495"]
[Site "?"]
[Date "1995.??.??"]
[Round "8"]
[White "Vokac, Marek"]
[Black "Poloch, Petr"]
[Result "0-1"]
[WhiteElo "2475"]
[BlackElo "2355"]

1.d4 Nf6 2.Nf3 e6 3.c4 c5 4.d5 exd5 5.cxd5 d6 6.Nc3 g6 7.Bg5 h6 8.Bh4 Bg7
9.Nd2 g5 10.Bg3 Nh5 11.Nc4 Nxg3 12.hxg3 Bxc3+ 13.bxc3 Qf6 14.Qc2 Nd7 15.e4 Ne5
16.Ne3 Ng4 17.Bb5+ Kf8 18.Nxg4 Bxg4 19.O-O a6 20.Be2 Bxe2 21.Qxe2 Qxc3 22.Rac1 Qe5
23.f4 gxf4 24.gxf4 Qd4+ 25.Rf2 Re8 26.Rc4 Qa1+ 27.Rf1 Qf6 28.e5 Rg8 29.Re4 Qf5
30.Re1 Rg6 31.a4 Kg8 32.a5 Kh7 33.Qc2 dxe5 34.R1e2 Rd8 35.Rxe5 Qxf4 36.Re7 Rxd5
37.Rf2 Qg4 38.Rexf7+ Kh8 39.R7f3 Rg8 40.Qc3+ Qd4 41.Qb3 Qa1+ 42.Rf1 Qg7 43.R1f2 Rg5
44.Kh1 Re8 45.g3 c4 46.Qa3 Rg8 47.Qd6 Rg6 48.Rf6 Kh7 49.Qe5 Rxg3 50.Qe4+ Kh8
51.Kh2 Rh3+  0-1

[Event "CZE-chT1a"]
[Site "?"]
[Date "1995.??.??"]
[Round "?"]
[White "Novak, L."]
[Black "Kawaciukova, Zuzana"]
[Result "1/2-1/2"]
[WhiteElo "2205"]
[BlackElo "2110"]

1.d4 c5 2.d5 Nf6 3.c4 e6 4.Nc3 d6 5.Nf3 exd5 6.cxd5 Be7 7.e3 O-O 8.Bd3 Na6
9.O-O Nc7 10.e4 Rb8 11.a4 Bd7 12.Re1 a6 13.a5 b5 14.axb6 Rxb6 15.Nd2 Bb5
16.Nc4 Bxc4 17.Bxc4 Nb5 18.Qd3 Qb8 19.Ra5 Ng4 20.Bxb5 Ne5 21.Qe2 axb5 22.Rxb5 Rxb5
23.Nxb5 c4 24.Na3 Rc8 25.Rd1 Bf6 26.Be3 Qb3 27.Bd4 Nd7 28.Bxf6 Nxf6 29.Rc1 c3
30.Qc2 Qb4 31.Nb1 Nxe4 32.Nxc3 Nxc3 33.bxc3 Qc4 34.Qf5 g6 35.Qd7 Ra8 36.Qc6 Qxc6
37.dxc6 Rc8 38.Kf1 Rxc6 39.Ke2 Ra6 40.Kd3 Ra2 41.Rc2 Ra1 42.h4 Rg1 43.g3 Kg7
44.Kd4 Kf6 45.Re2 Rd1+ 46.Ke3 Rc1 47.Kd3 Rd1+ 48.Ke4 h6  1/2-1/2

[Event "CZE-chT1c 9495"]
[Site "?"]
[Date "1995.??.??"]
[Round "4"]
[White "Jaworski, Miroslaw"]
[Black "Sikora Lerch, Jan"]
[Result "1-0"]
[WhiteElo "2360"]
[BlackElo "2415"]

1.d4 c5 2.d5 Nf6 3.c4 e6 4.Nc3 exd5 5.cxd5 d6 6.Nf3 g6 7.h3 Bg7 8.e4 O-O
9.Bd3 b5 10.Nxb5 Nxe4 11.Bxe4 Re8 12.Ng5 Bf5 13.Qf3 Bxe4 14.Qxf7+ Kh8 15.Nxd6 Re7
16.Ndxe4 h6 17.O-O hxg5 18.Nxg5 Qe8 19.Qf4 Nd7 20.Qh4+ Kg8 21.Qh7+ Kf8 22.Ne6+ Rxe6
23.Bh6 Bxh6 24.Qxh6+ Kg8 25.dxe6 Qxe6 26.Rad1 Nf8 27.Rfe1 Qf6 28.Qd2 Rb8
29.Qd5+ Qf7 30.b3 Rc8 31.Re7 Qxd5 32.Rxd5 c4 33.bxc4 Rxc4 34.Rd8 Rc1+ 35.Kh2 Rc2
36.Rxa7 Rxf2 37.Raa8  1-0

[Event "CZE-chT1c 9495"]
[Site "?"]
[Date "1995.??.??"]
[Round "5"]
[White "Trombik, Karel"]
[Black "Cerna, Olga"]
[Result "0-1"]
[WhiteElo "2215"]
[BlackElo "2160"]

1.d4 Nf6 2.Nf3 c5 3.d5 e6 4.c4 exd5 5.cxd5 d6 6.Nc3 g6 7.Bg5 Bg7 8.e3 O-O
9.Bd3 Na6 10.O-O Nc7 11.e4 h6 12.Bh4 a6 13.a4 Rb8 14.a5 b5 15.axb6 Rxb6 16.Qc2 Re8
17.Nd2 Nb5 18.Nc4 Rb8 19.Bg3 Bf8 20.e5 Nd4 21.Qb1 dxe5 22.Bxe5 Rb4 23.Bxf6 Qxf6
24.d6 Bb7 25.d7 Nf3+ 26.Kh1 Qf4  0-1

[Event "CZE-chT1 9596"]
[Site "CZE"]
[Date "1995.??.??"]
[Round "?"]
[White "Jedlicka, Ales"]
[Black "Svatos, Jan"]
[Result "0-1"]
[WhiteElo "2190"]
[BlackElo "2290"]

1.d4 Nf6 2.c4 c5 3.d5 e6 4.Nc3 exd5 5.cxd5 d6 6.Nf3 g6 7.Bf4 Bg7 8.e4 O-O
9.Be2 b5 10.Bxb5 Nxe4 11.Nxe4 Qa5+ 12.Nfd2 Qxb5 13.Nxd6 Qxb2 14.Rc1 Ba6 15.N6c4 Qd4
16.Qf3 Re8+ 17.Be3 Qd3 18.d6 Bc3 19.Rxc3 Qxc3 20.O-O Nd7 21.Qc6 Bxc4 22.Nxc4 Qxc4
23.Qxd7 Qxa2 24.Qc7 Qd5 25.Bf4 a5 26.h4 Re4 27.Bg3 a4 28.d7 Rd4 29.Qc8+ Kg7
30.Re1 Rd1 31.Rxd1 Qxd1+ 32.Kh2 Qd5 33.Qe8 h5 34.Be5+ Kh7 35.Qe7 a3 36.Qf6 Rg8
37.d8=Q Qxd8 38.Qxf7+ Kh6 39.Bf6 Qd6+ 40.g3 g5 41.hxg5+ Rxg5 42.Bxg5+ Kxg5
43.Qg7+ Kf5 44.Qf7+ Ke4 45.Qe8+ Qe5 46.Qa8+ Kd4 47.Qxa3 c4 48.Qa7+ Kd3 49.Qd7+ Ke2
50.f4 Qc5 51.Qe6+ Kf2 52.Qe4 c3 53.Qc2+ Ke3 54.Qc1+ Ke4 55.Qc2+ Ke3 56.Qc1+ Ke4
57.Qc2+ Kd5 58.Kg2 Qe3 59.Qf5+ Kc4 60.Qf7+ Kd3 61.Qd5+ Qd4 62.Qb5+ Ke3 63.Qb3 Kd2  0-1

[Event "Foment op"]
[Site "Foment"]
[Date "1995.??.??"]
[Round "1"]
[White "Oms Pallise, Josep"]
[Black "Molina, Andres"]
[Result "1-0"]
[WhiteElo "2340"]
[BlackElo "2055"]

1.d4 Nf6 2.Nf3 e6 3.c4 c5 4.d5 exd5 5.cxd5 d6 6.Nc3 Be7 7.e4 O-O 8.h3 Re8
9.Bd3 Nbd7 10.O-O a6 11.a4 h6 12.Re1 Ne5 13.Nxe5 dxe5 14.Qe2 Bd6 15.Nd1 Bd7
16.a5 Rc8 17.Ne3 Bb8 18.Nc4 Bb5 19.Nb6 Bxd3 20.Qxd3 Rc7 21.Nc4 Rd7 22.Be3 Qc7
23.Rac1 Red8 24.Nb6 Rxd5 25.Nxd5 Nxd5 26.exd5 e4 27.Qxe4 Qh2+ 28.Kf1  1-0

[Event "Gausdal Int"]
[Site "Gausdal"]
[Date "1995.??.??"]
[Round "7"]
[White "Johannesson, Larus"]
[Black "Tisdall, Jonathan D"]
[Result "1/2-1/2"]
[WhiteElo "2290"]
[BlackElo "2470"]

1.d4 Nf6 2.c4 e6 3.Nf3 c5 4.d5 exd5 5.cxd5 d6 6.Nc3 g6 7.g3 Bg7 8.Bg2 O-O
9.O-O a6 10.a4 Re8 11.Nd2 Nbd7 12.h3 Rb8 13.Rb1 Nh5 14.Nc4 Ne5 15.Na3 f5
16.e4 b5 17.axb5 axb5 18.b4 Nf7 19.Qc2 cxb4 20.Rxb4 fxe4 21.Nxe4 Bd7 22.Bb2 Nf6
23.Qc3 Nh5 24.Qb3 Nf6 25.Nxf6+ Bxf6 26.Bxf6 Qxf6 27.Nxb5 Ng5 28.Kh2 Re2 29.Nxd6 Rxb4
30.Qxb4 Rxf2 31.Rxf2 Qxf2 32.Qf4 Nxh3 33.Qxf2 Nxf2  1/2-1/2

[Event "Geneve op"]
[Site "Geneve"]
[Date "1995.??.??"]
[Round "6"]
[White "Tukmakov, Vladimir B"]
[Black "Suba, Mihai"]
[Result "0-1"]
[WhiteElo "2585"]
[BlackElo "2475"]

1.d4 Nf6 2.Nf3 e6 3.c4 c5 4.d5 d6 5.Nc3 exd5 6.cxd5 g6 7.h3 Bg7 8.e4 O-O
9.Bd3 b5 10.Nxb5 Re8 11.O-O Nxe4 12.Re1 a6 13.Na3 Nf6 14.Rxe8+ Nxe8 15.Nc4 Nd7
16.Bg5 Ndf6 17.Qb3 a5 18.Re1 Ba6 19.Qd1 Qc7 20.Nfd2 Bb7 21.Be4 h6 22.Bh4 a4
23.g4 a3 24.b3 Bxd5 25.Bxd5 Nxd5 26.Qf3 Qc6 27.Nb6 Qxb6 28.Qxd5 Nc7 29.Qf3 d5
30.Re7 Rf8 31.Bg3 Nb5 32.Qxd5 Nc3 33.Qb7 Qxb7 34.Rxb7 Ra8 35.Nc4 Nxa2 36.Nb6 Ra6
37.Nd7  0-1

[Event "Geneve op"]
[Site "Geneve"]
[Date "1995.??.??"]
[Round "7"]
[White "Peric, Slavisa"]
[Black "Anka, Emil"]
[Result "1/2-1/2"]
[WhiteElo "2220"]
[BlackElo "2410"]

1.d4 Nf6 2.c4 e6 3.Nf3 c5 4.d5 exd5 5.cxd5 d6 6.Nc3 g6 7.h3 Bg7 8.e4 O-O
9.Bd3 a6 10.a4 Nbd7 11.Bf4 Qe7 12.O-O Nh5 13.Bh2 Bh6 14.Re1 Bf4 15.g3 Bh6
16.Bf1 f6 17.Nd2 Bxd2 18.Qxd2 Ne5 19.Qd1 Bd7 20.f4 Nf7 21.g4 Ng7 22.h4 h6
23.a5 g5 24.hxg5 hxg5 25.f5 Ne5 26.Re3 Ne8 27.Bxe5 Qxe5 28.Qe1 Nc7 29.Qg3 Qxg3+
30.Rxg3 Rfe8 31.Kf2 Rab8 32.Be2 Kg7 33.Rh3 Rh8 34.Rxh8 Kxh8 35.Nd1 Kg7 36.Ne3 Bb5
37.Rb1 Bxe2 38.Kxe2 Nb5 39.Rh1 Nd4+ 40.Kd3 b5 41.axb6 Rxb6 42.Nc4 Rb3+ 43.Kd2 Nb5
44.Ra1 Rb4 45.b3 Rxb3 46.Rxa6 Rb4 47.Kd3 Rb3+ 48.Kd2 Rb4 49.Kd3  1/2-1/2

[Event "BL2-N9495"]
[Site "Germany"]
[Date "1995.??.??"]
[Round "?"]
[White "Paulsen, Dirk"]
[Black "Geveke, Michael"]
[Result "1-0"]
[WhiteElo "2315"]
[BlackElo "2325"]

1.d4 Nf6 2.c4 c5 3.d5 e6 4.Nc3 exd5 5.cxd5 d6 6.Nf3 g6 7.h3 Bg7 8.e4 O-O
9.Bd3 Na6 10.O-O Nc7 11.a4 Nh5 12.g4 Nf6 13.Nd2 h5 14.f3 Nh7 15.Nc4 f5 16.Bf4 Ne8
17.exf5 gxf5 18.gxh5 Qh4 19.Qd2 Qxh5 20.Kh2 Kh8 21.Rg1 Rf6 22.Rg3 Bd7 23.Rag1 Rf7
24.Qg2 Qh4 25.Nxd6 Nxd6 26.Bxd6 Qd4 27.f4  1-0

[Event "BL9495 (Women)"]
[Site "Germany"]
[Date "1995.??.??"]
[Round "203"]
[White "Schmitz, Manuela"]
[Black "Hausmann, Ilka"]
[Result "1-0"]
[WhiteElo "2170"]
[BlackElo "2135"]

1.d4 Nf6 2.c4 e6 3.Nf3 c5 4.d5 exd5 5.cxd5 d6 6.Nc3 g6 7.Bg5 h6 8.Bh4 g5
9.Bg3 Nh5 10.e3 Bf5 11.e4 Nxg3 12.hxg3 Bg4 13.Qa4+ Bd7 14.Qb3 Na6 15.a3 Nc7
16.Nd2 a6 17.Be2 b5 18.e5 dxe5 19.Nde4 Bf5 20.d6 Ne6 21.d7+ Kxd7 22.Rd1+ Nd4
23.Qd5+ Kc7 24.Qxe5+ Bd6 25.Nd5+ Kc6 26.Nxd6 Be6 27.Nb4+ Kb6 28.Rxd4 cxd4
29.Qxd4+ Kc7 30.Qc5+ Kd7 31.O-O Qc7 32.Qe5 Rhc8 33.Rd1 f6 34.Nxc8+ Kxc8 35.Qxe6+ Kb7
36.Nxa6  1-0

[Event "Landesliga N9596 Bayern"]
[Site "Germany"]
[Date "1995.??.??"]
[Round "?"]
[White "Bartels, Frank"]
[Black "Kraft, Volker"]
[Result "1-0"]
[WhiteElo "2280"]
[BlackElo "2260"]

1.d4 Nf6 2.Nf3 c5 3.d5 e6 4.c4 exd5 5.cxd5 d6 6.Nc3 g6 7.g3 Bg7 8.Bg2 O-O
9.O-O a6 10.a4 Nbd7 11.Nd2 Rb8 12.Nc4 Ne8 13.a5 Qe7 14.h3 f5 15.e4 Ne5 16.Nb6 fxe4
17.Nxc8 Rxc8 18.Nxe4 h6 19.f4 Nf7 20.Qg4 Nf6 21.Qxg6 Nxd5 22.Nxd6 Rc6 23.Be4 Rd8
24.Qxg7+ Kxg7 25.Nf5+ Kf6 26.Nxe7 Kxe7 27.Bd2 b5 28.axb6 Re6 29.Rfe1 Nxb6
30.Bc3 Nd6 31.Bf3 Rxe1+ 32.Rxe1+ Kf7 33.Ra1 Nb5 34.Rxa6 Nxc3 35.Rxb6 Na4
36.Rb7+ Kf6 37.b3 Nb2 38.Rb6+ Kg7 39.Kf2 Rd2+ 40.Ke3 Rd3+ 41.Ke4 Rc3 42.f5 Nd3
43.Bh5 Nf2+ 44.Kd5 Rd3+ 45.Kc4 Rd8 46.f6+ Kh7 47.Re6 Nxh3 48.Re7+ Kh8 49.f7 Rf8
50.Re8 Kg7 51.Kxc5 Nf2 52.Rxf8 Kxf8 53.Kd4 Nh1 54.g4 Ng3 55.b4 Ne2+ 56.Kc4 Nf4
57.b5 Ne6 58.b6 Nd8 59.Kb5  1-0

[Event "BL9495 (Women)"]
[Site "Germany"]
[Date "1995.??.??"]
[Round "202"]
[White "Rubene, Ilze"]
[Black "Koglin, Anke"]
[Result "1/2-1/2"]
[WhiteElo "2255"]
[BlackElo "2225"]

1.d4 Nf6 2.Nf3 c5 3.d5 d6 4.c4 e6 5.Nc3 exd5 6.cxd5 g6 7.g3 Bg7 8.Bg2 O-O
9.O-O Na6 10.Nd2 Nc7 11.a4 b6 12.Nc4 Ba6 13.Na3 Re8 14.Re1 Nd7 15.f4 c4 16.Rb1 Nc5
17.Ncb5 Qd7 18.Nxc4 Nxb5 19.axb5 Bxb5 20.Na3 Ba6 21.Nc2 Qb5 22.Bf3 Ne4 23.Be3 Bb7
24.Bd4 Qxd5 25.Bxg7 Kxg7 26.Qxd5 Bxd5 27.Nb4 Bb7 28.Red1 Rad8 29.Rd4 Rd7
30.Rbd1 Nc5 31.Bxb7 Nxb7 32.Kf2 Rde7 33.R1d2 Re4 34.Nc6 a5 35.Rd5 Rc4 36.Nd4 Rc5
37.Nb5 Rxd5 38.Rxd5 Rd8 39.e4 Kf8 40.Ke3 Ke7 41.Nc3 Nc5 42.Rd1 Kd7 43.g4 Kc6
44.Nd5 h6 45.Nf6 Nd7 46.Nd5 Kb7 47.h4 Re8 48.Kf3 Kc6 49.Rh1 f5 50.Rc1+ Nc5
51.Nf6 fxe4+ 52.Nxe4 d5 53.Nf6 Re6 54.g5 hxg5 55.hxg5 Kd6 56.Rd1 d4 57.Rxd4+ Ke7
58.b4 axb4 59.Rxb4 Kf7 60.Rb1 Rd6 61.Kg4 Ne6  1/2-1/2

[Event "NRW-Liga I 9495"]
[Site "Germany"]
[Date "1995.??.??"]
[Round "?"]
[White "Hubert, Ralf"]
[Black "Reinke, Markus"]
[Result "1-0"]
[WhiteElo "2365"]
[BlackElo "2290"]

1.d4 Nf6 2.c4 c5 3.d5 e6 4.Nc3 exd5 5.cxd5 d6 6.Nf3 g6 7.Bf4 a6 8.a4 Bg7
9.e4 O-O 10.Be2 Nh5 11.Be3 Nd7 12.Nd2 Ne5 13.O-O Qh4 14.Nf3 Nxf3+ 15.Bxf3 Bd7
16.Qd2 Qe7 17.a5 Rae8 18.Ra3 Qe5 19.Rb3 Bc8 20.Rb6 Rd8 21.Ne2 Rfe8 22.b4 cxb4
23.Qxb4 Qe7 24.Rc1 Nf6 25.Qb1 Nxe4 26.Bxe4 Qxe4 27.Qxe4 Rxe4 28.Rxd6 Rde8
29.Ng3 Ra4 30.Bb6 h5 31.Nf1 Bh6 32.Ne3 Bf5 33.Rd1 Be4 34.Rd7 Bxe3 35.fxe3 Ra2
36.d6 Rxg2+ 37.Kf1 Re5 38.Rd8+ Kh7 39.Rh8+ Kxh8 40.Bd4 Kh7 41.Bxe5 Rg5 42.d7 Rxe5
43.d8=Q Bc6 44.Kf2 Rf5+ 45.Ke1 Bb5 46.Rd4 Rf1+ 47.Kd2 Rf2+ 48.Kc3 Rf5 49.Rf4 Rxf4
50.exf4 Kg7 51.f5 Bc6 52.f6+ Kh6 53.h4 g5 54.Qg8  1-0

[Event "BL2-W9495"]
[Site "Germany"]
[Date "1995.??.??"]
[Round "?"]
[White "Kertesz, Alfred"]
[Black "Van der Veen, Heinz"]
[Result "1-0"]
[WhiteElo "2375"]
[BlackElo "2225"]

1.d4 Nf6 2.c4 c5 3.d5 e6 4.Nc3 exd5 5.cxd5 d6 6.Nf3 g6 7.Bf4 a6 8.a4 Bg7
9.h3 O-O 10.g4 Qe7 11.Nd2 Nfd7 12.Bg2 Ne5 13.O-O f5 14.g5 Nbd7 15.h4 h6 16.Ra3 Rb8
17.Rb3 c4 18.Ra3 b5 19.axb5 axb5 20.Ra7 hxg5 21.hxg5 Ng4 22.Nf3 Be5 23.e3 b4
24.Na4 Qg7 25.Qe2 c3 26.Rb1 Rb7 27.Rxb7 Bxb7 28.Qb5 Rb8 29.bxc3 bxc3 30.Rc1 Ba8
31.Qc4 Bb7 32.Nd4 Qh8 33.Nc6 Ra8 34.Bxe5 Ndxe5 35.Qf4 Qh4 36.Rc2 Ba6 37.Nb6 Bd3
38.Nxa8 Bxc2 39.Nxe5 dxe5 40.Qf3 Bd3  1-0

[Event "Landesliga S9495 Bayern"]
[Site "Germany"]
[Date "1995.??.??"]
[Round "4"]
[White "Braun, Thomas"]
[Black "Ploehn, Heiko"]
[Result "1-0"]
[WhiteElo "2120"]
[BlackElo "2155"]

1.d4 Nf6 2.Nf3 e6 3.c4 c5 4.d5 exd5 5.cxd5 d6 6.Nc3 g6 7.Bf4 a6 8.a4 Bg7
9.e4 Qe7 10.Nd2 Nh5 11.Be3 O-O 12.Be2 Nf6 13.O-O Nbd7 14.Qc2 b6 15.Rae1 Rb8
16.f4 Ne8 17.Bf2 Nc7 18.Nc4 Bb7 19.e5 Nxd5 20.Nxd5 Bxd5 21.Nxd6 a5 22.Rd1 Ba8
23.Bc4 Rbd8 24.Qb3 b5 25.axb5 Nb6 26.Bxf7+ Kh8 27.Bxc5 Nc8 28.Bc4  1-0

[Event "Landesliga N9495 Bayern"]
[Site "Germany"]
[Date "1995.??.??"]
[Round "6"]
[White "Krupkova, Petra"]
[Black "Kreuzer, Helmut"]
[Result "1/2-1/2"]
[WhiteElo "2215"]
[BlackElo "2015"]

1.d4 Nf6 2.c4 e6 3.Nf3 c5 4.d5 exd5 5.cxd5 d6 6.Nc3 g6 7.g3 Bg7 8.Bg2 O-O
9.O-O a6 10.a4 Nbd7 11.Bf4 Qc7 12.Qd2 Re8 13.Rfc1 Nh5 14.Bh6 Bh8 15.Rab1 Ndf6
16.Nh4 Ng4 17.Bf3 Nxh6 18.Qxh6 Nf6 19.b4 b6 20.a5 c4 21.axb6 Qxb6 22.Qf4 h6
23.Qxh6 Bg4 24.Qf4 Bxf3 25.Nxf3 Rac8 26.Nd2 Nh5 27.Qg4 Bd4 28.Nde4 Kg7 29.Qf3 Nf6
30.Nxf6 Bxf6 31.e3 Bxc3 32.Rxc3 a5 33.Qf4 axb4 34.Rxc4 Rxc4 35.Qxc4 Rb8 36.Rb3 Qa5
37.Qd4+ Kg8 38.Kg2 Qc5 39.Qd3 Ra8 40.Qd2 Rb8 41.f3 Qc4 42.Qb2 Qxd5 43.Rxb4 Rxb4
44.Qxb4 Qd1 45.Qb2 d5 46.h4 Qd3 47.Kf2 Qd1 48.Kg2 Qd3 49.Qf2 Qd1 50.g4 Kh7
51.Kg3 Qd3 52.g5 Kg8 53.Qe1 Qc2 54.Qa5 Qd1 55.Qa2  1/2-1/2

[Event "Wch U16"]
[Site "Guarapuava"]
[Date "1995.??.??"]
[Round "10"]
[White "Cvek, Robert"]
[Black "Sadvakasov, Darmen"]
[Result "1/2-1/2"]
[WhiteElo "2285"]
[BlackElo "2260"]

1.Nf3 Nf6 2.d4 c5 3.d5 e6 4.c4 exd5 5.cxd5 d6 6.Nc3 g6 7.e4 Bg7 8.h3 O-O
9.Bd3 Nbd7 10.O-O a6 11.a4 Nh5 12.Be3 Re8 13.Qd2 Rb8 14.a5 Qc7 15.Bh6 b5
16.axb6 Rxb6 17.Bxg7 Kxg7 18.Bc4 Qd8 19.g4 Qf6 20.Kg2 Ne5 21.Nxe5 Nf4+ 22.Kg3 dxe5
23.f3 h5 24.Rh1 hxg4 25.hxg4 Qg5 26.Rad1 Rf8 27.d6 Rd8 28.Ne2 Rdxd6 29.Qxd6 Rxd6
30.Rxd6 Be6 31.Bxa6 c4 32.Rh2 Qe7 33.Rc6 Qd7 34.Rxc4 Qd3 35.Rc6 Qd2 36.Rf2 Qxb2
37.Nxf4 exf4+ 38.Kg2 Qe5 39.Bc8 Bb3 40.Ba6 Ba4 41.Rc4 Bd7 42.Bc8 Bb5 43.Rc1 Qe7
44.Kh3 Qf8 45.Kg2 Qe7 46.Rb1 Bd3 47.Rd1 Qa3 48.Bb7 Qb3 49.Rdd2 Qa3 50.Bd5 Bb5
51.Rb2 Be8 52.Rb7 Qc3 53.Ra2 Qe1 54.Rf2  1/2-1/2

[Event "Gyongyos op "]
[Site "Gyongyos"]
[Date "1995.??.??"]
[Round "?"]
[White "Zimmerman, Yuri"]
[Black "Juhasz, Bela"]
[Result "1-0"]
[WhiteElo "2375"]
[BlackElo "2240"]

1.d4 Nf6 2.c4 e6 3.Nf3 c5 4.d5 exd5 5.cxd5 d6 6.Nc3 g6 7.h3 Bg7 8.e4 O-O
9.Bd3 b5 10.a3 Ba6 11.O-O Re8 12.Re1 Nbd7 13.Bf4 Qb6 14.a4 b4 15.Nb5 Nh5
16.a5 Qd8 17.Bxd6 Ne5 18.Bxe5 Bxe5 19.Nxe5 Rxe5 20.Nd4 cxd4 21.Bxa6 Qh4 22.Qf3 Rae8
23.Bb5 Rb8 24.Bd7 Nf6 25.g3 Qg5 26.h4  1-0

[Event "HUN-chT2 9495"]
[Site "HUN"]
[Date "1995.??.??"]
[Round "?"]
[White "Kecskes, Gabor"]
[Black "Halasz, Jozsef"]
[Result "1-0"]
[WhiteElo "2100"]
[BlackElo "2140"]

1.d4 Nf6 2.c4 c5 3.d5 e6 4.Nc3 exd5 5.cxd5 d6 6.Nf3 g6 7.Nd2 a6 8.a4 Nbd7
9.e4 Bg7 10.Be2 O-O 11.O-O Ne8 12.Nc4 Qe7 13.Re1 Rb8 14.Bf1 Qd8 15.f4 Bd4+
16.Be3 Qf6 17.Bxd4 cxd4 18.Ne2 b5 19.axb5 axb5 20.Na5 Nc5 21.Nc6 d3 22.Nxb8 Bg4
23.b4 Bxe2 24.Bxe2 Qd4+ 25.Kh1 Nxe4 26.Rf1 N8f6 27.Nc6 Qe3 28.Qxd3 Nf2+ 29.Rxf2 Qxf2
30.Qd4 Qxd4 31.Nxd4 Nxd5 32.Nc6 Nc3 33.Bf3 Re8 34.h3 Kg7 35.Kh2 h5 36.Rc1 Re3
37.Ra1 Re8 38.Ra7 Rc8 39.Rd7 d5 40.Ne5 Kf6 41.Rxf7+ Ke6 42.Rg7 Na2 43.Rxg6+ Ke7
44.Nc6+  1-0